|
|
|
|
| LEADER |
01143nam a2200325 a 4500 |
| 001 |
7782 |
| 003 |
BD-DhAAL |
| 005 |
20151103101003.0 |
| 008 |
151103s2002 nyu b 000 1 eng |
| 010 |
|
|
|a 2002032338
|
| 020 |
|
|
|a 006056489x
|
| 020 |
|
|
|a 0066214122 (acidfree paper)
|
| 040 |
|
|
|a DLC
|c DLC
|d YDX
|d OCLCQ
|d MYG
|d BD-DhAAL
|
| 050 |
0 |
0 |
|a PS3553.R48
|b P74 2002
|
| 082 |
0 |
0 |
|a 813/.54
|2 21
|
| 100 |
1 |
|
|a Crichton, Michael,
|d 1942-2008.
|9 12864
|
| 245 |
1 |
0 |
|a Prey /
|c Michael Crichton.
|
| 250 |
|
|
|a Int. ed.
|
| 260 |
|
|
|a New York :
|b HarperCollins,
|b Avon Books,
|c c2002.
|
| 300 |
|
|
|a xvii, 507 p. ;
|c 17 cm.
|
| 504 |
|
|
|a Includes bibliographical references (p. [365]-367).
|
| 541 |
|
|
|e 7782
|
| 650 |
|
0 |
|a Molecular biologists
|v Fiction.
|9 15947
|
| 650 |
|
0 |
|a Artificial life
|v Fiction.
|9 15948
|
| 651 |
|
0 |
|a Nevada
|v Fiction.
|9 15949
|
| 655 |
|
7 |
|a Suspense fiction.
|2 gsafd
|9 12793
|
| 655 |
|
7 |
|a Science fiction.
|2 gsafd
|9 6113
|
| 942 |
|
|
|2 ddc
|c BK
|
| 999 |
|
|
|c 36021
|d 36021
|
| 952 |
|
|
|0 0
|1 0
|2 ddc
|4 0
|6 813_000000000000000__54_CRI
|7 0
|9 56593
|a SCL
|b SCL
|c GEN
|d 2015-11-03
|e Gift:
|l 12
|m 62
|o 813.54 CRI
|p 3020007782
|r 2026-05-08
|s 2026-02-22
|t 1
|w 2015-11-03
|y BK
|